Statistics for Taiwan A-Z

Click here to take the quiz!

General Stats

  • This quiz has been taken 235 times
  • The average score is 15 of 26

Answer Stats

HintAnswer% Correct
MOfficial languageMandarin
98%
JCountry that invaded Taiwan in 1895Japan
94%
BMost popular sportBaseball
94%
ROfficial name of TaiwanRepublic of China
92%
QChinese dynasty that annexed Taiwan in 1683Qing
86%
UInternational body Taiwan was expelled from in 1971United Nations
85%
FFormer name of TaiwanFormosa
84%
WName one of the two most common last names that start with WWang or Wu
84%
SSea located between Vietnam and TaiwanSouth China Sea
83%
OSports event in which Taiwan is known as the Chinese TaipeiOlympics
83%
ESea northern Taiwan bordersEast China Sea
82%
HMain ethnic groupHan
79%
LStrait between Taiwan and the Philippines
(hint: namesake of the most populous Philippine island)
Luzon
78%
CPolitician who established the country after fleeing mainland ChinaChiang Kai-Shek
75%
XMajor Chinese city on the other side of the Taiwan StraitXiamen
60%
AFirst name of the director of "Crouching Tiger, Hidden Dragon" and "Life of Pi"Ang
57%
KSecond largest metropolisKaohsiung
44%
IWhat the Taiwanese company of Foxconn is famous for making in mainland ChinaiPhone
41%
NWhat the political party of Kuomintang is referred to as in the WestNationalist Party
36%
TMost populous city in central TaiwanTaichung
34%
PArchipelago in the Taiwan StraitPenghu
19%
YTallest mountainYushan
16%
VFirst name of the former vice president Siew who served from 2008 until 2012Vincent
15%
DPolitical party that has the most seats in the parliament and
controls the Taiwan presidency
Democratic
Progressive Party
11%
GSeventh largest islandGreen Island
10%
ZLongest riverZhuoshui
6%

Score Distribution

Percentile by Number Answered

Percent of People with Each Score

Your Score History

You have not taken this quiz